00770nam a2200157Ia 4500008004100000082002000041100002700061245010800088260005200196365000600248630010800254730010800362942000900470999001900479952011400498100415s9999 xx 000 0 und d b9575a598.2(70) aBent Arthur Cleveland aLife Histories of North American Cardinals, Grosbeaks, Buntings, Towhees, Finches, Sparrows, and Allies aWASHINGTONc1968bSMITHSONIAN INSTITUTION PRESS b0 aLife Histories of North American Cardinals, Grosbeaks, Buntings, Towhees, Finches, Sparrows, and Allies aLife Histories of North American Cardinals, Grosbeaks, Buntings, Towhees, Finches, Sparrows, and Allies cBOOK c592513d592510 00104070aBNHSbBNHSd1998-02-05g0.00l0o598.2(70) 9575pBNHS-9575r2010-04-15 00:00:00w2010-04-15yBOOK